Temas y problemas de filosofía de la física

Збережено в:
Бібліографічні деталі
Автор: Agazzi, Evandro (Автор)
Формат: Книга
Мова:Іспанська
Опубліковано: Barcelona Herder 1978
Предмети:
Теги: Додати тег
Немає тегів, Будьте першим, хто поставить тег для цього запису!

MARC

LEADER 00000nam a2200000 a 4500
001 UCH1145
003 CL-VaPUC
008 090409e19780000SP |||||||||||||||||spa|d
020 |a 8425407494 
082 0 4 |a 530.01  |b AGA  |2 21 
100 0 |a Agazzi, Evandro  |e author  |9 535491 
245 1 0 |a Temas y problemas de filosofía de la física 
300 |a 470 p 
942 |c BK 
945 |d 20090409 00:00:00  |a rbrito 
260 |a Barcelona  |b Herder  |c 1978 
650 0 |a Filosofía de las ciencias  |9 256466 
650 0 |a Física   |9 227844 
583 |a last modification  |c 20121001 11:09:02  |k Rodrigo Vera 
999 |c 333220  |d 333218 
952 |0 0  |1 0  |4 0  |6 530_010000000000000_AGA_1978  |7 0  |8 A  |9 421436  |a BIBCUR  |b BIBCUR  |d 2019-11-22  |i 4534336  |l 5  |m 4  |o 530.01 AGA 1978  |p 4534336  |r 2025-04-22  |s 2025-03-19  |w 2019-11-22  |y BK  |k FIS